书目信息 |
| 题名: |
全国高等教育自学考试翻译辅导教程
|
|
| 作者: | 鲍晓英 , 孙黎 编写 | |
| 分册: | ||
| 出版信息: | 上海 复旦大学出版社 2005.08 |
|
| 页数: | 273页 | |
| 开本: | 21cm | |
| 丛书名: | 全国高等教育自学考试系列 | |
| 单 册: | ||
| 中图分类: | H315.9 | |
| 科图分类: | ||
| 主题词: | 英语--ying yu--翻译--高等教育--自学考试--自学参考资料 | |
| 电子资源: | ||
| ISBN: | 7-309-04528-9 | |
| 000 | 01000nam 2200253 450 | |
| 001 | 012006111421 | |
| 005 | 20060919100916.60 | |
| 010 | @a7-309-04528-9@dCNY26.00 | |
| 100 | @a20060617d2005 km y0chiy0120 ea | |
| 101 | 0 | @achi@aeng |
| 102 | @aCN@b310000 | |
| 105 | @ay z 000yy | |
| 200 | 1 | @a全国高等教育自学考试翻译辅导教程@Aquan guo gao deng jiao yu zi xue kao shi fan yi fu dao jiao cheng@f鲍晓英, 孙黎编写@Fbao xiao ying,sun li bian xie |
| 210 | @a上海@c复旦大学出版社@d2005.08 | |
| 215 | @a273页@d21cm | |
| 225 | 2 | @a全国高等教育自学考试系列@Aquan guo gao deng jiao yu zi xue kao shi xi lie |
| 330 | @a本书对《英汉翻译教程》中出现的翻译点进行了详细的阐述,作者选取了翻译过程中经常遇到的语言点进行重点分析。 | |
| 410 | 0 | @12001 @a全国高等教育自学考试系列 |
| 606 | 0 | @a英语@Aying yu@x翻译@x高等教育@x自学考试@j自学参考资料 |
| 690 | @aH315.9@v4 | |
| 701 | 0 | @a鲍晓英@Abao xiao ying@4编写 |
| 701 | 0 | @a孙黎@Asun li@4编写 |
| 801 | 0 | @aCN@bQSSK@c20060919 |
| 905 | @a10447@dH315.9@eB309 | |
| 全国高等教育自学考试翻译辅导教程/鲍晓英, 孙黎编写.-上海:复旦大学出版社,2005.08 |
| 273页;21cm.-(全国高等教育自学考试系列) |
| ISBN 7-309-04528-9:CNY26.00 |
| 本书对《英汉翻译教程》中出现的翻译点进行了详细的阐述,作者选取了翻译过程中经常遇到的语言点进行重点分析。 |
| ● |
| 相关链接 |
|
|
|
正题名:全国高等教育自学考试翻译辅导教程
索取号:H315.9/B309
 
预约/预借
| 序号 | 登录号 | 条形码 | 馆藏地/架位号 | 状态 | 备注 |
| 1 | 588391 | 205883917 | 语言库209/209语言库 8排2列3层/ [索取号:H315.9/B309] | 在馆 | |
| 2 | 588392 | 205883926 | 语言库209/209语言库 8排2列3层/ [索取号:H315.9/B309] | 在馆 | |
| 3 | 588393 | 205883935 | 语言库209/209语言库 8排2列3层/ [索取号:H315.9/B309] | 在馆 |